000 00580nam a2200169 a 4500
001 000031163
005 20200930062738.0
008 110614s2010 dr a 000 0 spa d
040 _aDO-SdBNP
_bspa
_cBNPHU
110 1 _aComité de América Latina y el Caribe para la Defensa de la Mujer
_957640
245 1 0 _aUnidad didáctica :
_byo, tu, el y ella /
_ccoordinación Magaly Pineda ; investigación Santa Mateo.
260 _aSanto Domingo :
_bil.,
_c2010.
300 _a22 p. :
_bil. ;
_c28 cm.
700 1 _aPineda, Magaly
_98552
700 1 _aMateo, Santa
_957641
049 _aBNPD
999 _c30655
_d30655